01466nam a22002297a 4500020001800000082002100018100003200039245010000071260004500171300001000216504002000226563000700246650003700253650002500290942001200315999001900327952017800346952017800524952017800702952017800880952017801058 a9786010405196 a658.3009584bDOS aDossova, S. N, B.K.Kambarov aHuman Resources Management Policies and Practices in Kazakhstan/cS. N,Dossova and B.K.Kambarov aAlmaty:bKazakh university press;c2014. a223p. aKazakh Language aPB aHuman resource management964173 aPersonnel management 2ddccBK c616655d616655 00102ddc3Satbayev Centre406658_300958400000000_DOS709645658aCLbCLd2026-03-12fSatbayev Cl0o658.3009584 DOSpCL-D-3242r2026-03-12w2026-03-12yBKzSatbayev Centre 00102ddc3Satbayev Centre406658_300958400000000_DOS709645659aCLbCLd2026-03-12fSatbayev Cl0o658.3009584 DOSpCL-D-3241r2026-03-12w2026-03-12yBKzSatbayev Centre 00102ddc3Satbayev Centre406658_300958400000000_DOS709645660aCLbCLd2026-03-12fSatbayev Cl0o658.3009584 DOSpCL-D-3240r2026-03-12w2026-03-12yBKzSatbayev Centre 00102ddc3Satbayev Centre406658_300958400000000_DOS709645661aCLbCLd2026-03-12fSatbayev Cl0o658.3009584 DOSpCL-D-3239r2026-03-12w2026-03-12yBKzSatbayev Centre 00102ddc3Satbayev Centre406658_300958400000000_DOS709645662aCLbCLd2026-03-12fSatbayev Cl0o658.3009584 DOSpCL-D-3238r2026-03-12w2026-03-12yBKzSatbayev Centre